000 00597cab a2200253 4500
001 X470
008 090401t1993 xxu||||| |||| 00| 0 eng d
035 _a(Sirsi) u65814
041 _aeng
100 _aPerkins, E.
245 _aWest Wales: tossed in the storms of political change
260 _c1993
350 _a0
490 _aFarmland Market
_v(39) February 1993, 14-16(3)
650 _aDAIRY
650 _aFARMING
650 _aLAND PRICES
650 _aMARKET
650 _aMILK QUOTA
650 _aPRICES
690 _aRURAL PRACTICE
942 _n0
948 _c04/03/1997
999 _c41091
_d41091